000 01085nab a22002537a 4500
999 _c6232
_d6232
003 OSt
005 20260126034639.0
008 190514b xxu||||| |||| 00| 0 spa d
040 _cPJ
100 _96953
_aDe Souza Vieira, Viviana H.
245 1 0 _aAdopción plena más filiación biológica igual a suma de derechos /
_cViviana H. de Souza Vieira.
300 _ap. 129-136
500 _aCita: TR LALEY AR/DOC/2670/2024.
505 _aSumario: I. El caso a analizar.— II. Colofón.
505 _tFallo comentado: JCiv. y Com., Conciliación y Familia, Huinca Renancó ~ 16/04/2024 ~ B., M. R. c. A., A. R. s/ acciones de filiación.
650 0 _9967
_aDERECHO DE FAMILIA
650 0 _92741
_aDERECHOS DE LAS NIÑAS, NIÑOS Y ADOLESCENTES
650 0 _9974
_aADOPCIÓN
650 0 _94499
_aADOPCIÓN PLENA
650 0 _91004
_aFILIACION
650 0 _91057
_aJURISPRUDENCIA APLICABLE
773 0 _02844
_93222
_dBuenos Aires : AbeledoPerrot, 1989-
_tDerecho de familia. Revista Interdisciplinaria de doctrina y jurisprudencia. Diciembre 2024-VI.
_z18511201
942 _2udc
_cANA